[Event "GER-chT U12"]
[Site "Magdeburg"]
[Date "2019.12.30"]
[Round "7.10"]
[White "Braun, Justus"]
[Black "Bajaj, Pranit"]
[Result "1-0"]
[WhiteElo "1260"]
[BlackElo "935"]
[PlyCount "121"]
[EventDate "2019.12.27"]
[EventType "team-swiss"]
[EventRounds "7"]
[EventCountry "GER"]
[SourceTitle "CBM 194 Extra"]
[Source "ChessBase"]
[SourceDate "2020.03.31"]
[SourceVersion "1"]
[SourceVersionDate "2020.03.31"]
[SourceQuality "1"]
[WhiteTeam "Neureut"]
[BlackTeam "Erlangen"]
[WhiteTeamCountry "GER"]
[BlackTeamCountry "GER"]

1. g3 e5 2. Bg2 d5 3. d3 Nf6 4. Nc3 c6 5. e4 d4 6. Nce2 Bc5 7. Nf3 Bd6 8. Bg5 0-0 9. 0-0 h6 10. Bd2 Na6 11. Rb1 Be6 12. a4 Nb4 13. Bxb4 Bxb4 14. Nxe5 Bd6 15. Nf3 Ng4 16. Nexd4 Bd7 17. Re1 Re8 18. Qd2 c5 19. Nb3 Bxa4 20. h3 Nf6 21. e5 Be7 22. exf6 Bxf6 23. Nxc5 Bc6 24. Re2 Rxe2 25. Qxe2 Qc7 26. c3 Re8 27. Qc2 b6 28. Na6 Qb7 29. Nb4 Rc8 30. Nxc6 Qxc6 31. Nd4 Qb7 32. Ne2 Rd8 33. Rd1 Re8 34. d4 Qc8 35. d5 Re5 36. d6 Qe6 37. d7 Bd8 38. Nf4 Qe7 39. Qa4 b5 40. Qxa7 g5 41. Nd5 Qe6 42. Nc7 Qe7 43. Ne8 Qe6 44. Qb8 Qe7 45. Qd6 Re6 46. Qxe7 Rxe7 47. Bc6 Re6 48. Bxb5 Rb6 49. c4 f6 50. Nd6 Bc7 51. Nc8 Re6 52. d8Q+ Bxd8 53. Rxd8+ Kg7 54. Nd6 Kg6 55. c5 Re1+ 56. Kg2 Rb1 57. c6 Rxb2 58. c7 Kh5 59. c8Q Ra2 60. g4+ Kh4 61. Nf5# 1-0

[Event "GER-chT U12"]
[Site "Magdeburg"]
[Date "2019.12.27"]
[Round "1.2"]
[White "Richter, Nicholas"]
[Black "Braun, Justus"]
[Result "1-0"]
[WhiteElo "1448"]
[BlackElo "1260"]
[PlyCount "37"]
[EventDate "2019.12.27"]
[EventType "team-swiss"]
[EventRounds "7"]
[EventCountry "GER"]
[SourceTitle "CBM 194 Extra"]
[Source "ChessBase"]
[SourceDate "2020.03.31"]
[SourceVersion "1"]
[SourceVersionDate "2020.03.31"]
[SourceQuality "1"]
[WhiteTeam "Dresden TU"]
[BlackTeam "Neureut"]
[WhiteTeamCountry "GER"]
[BlackTeamCountry "GER"]

1. d4 e6 2. c4 d6 3. e4 Nd7 4. Nc3 Ne7 5. Bd3 b6 6. Nge2 Bb7 7. Be3 g6 8. Qd2 Bg7 9. f3 e5 10. d5 0-0 11. g4 Nc5 12. Bc2 Qd7 13. h4 c6 14. h5 cxd5 15. exd5 Rac8 16. Bh6 Ba6 17. Bxg7 Kxg7 18. hxg6 Nxd5 19. Qh6+ 1-0

[Event "Baden Wuerttemberg-chT U12"]
[Site "Burg Ortenberg"]
[Date "2018.06.24"]
[Round "4.3"]
[White "Braun, Justus"]
[Black "Storz, Leonard"]
[Result "0-1"]
[WhiteElo "1220"]
[BlackElo "1061"]
[PlyCount "100"]
[EventDate "2018.06.23"]
[EventType "team-tourn"]
[EventRounds "5"]
[EventCountry "GER"]
[SourceTitle "EXT 2019"]
[Source "ChessBase"]
[SourceDate "2018.10.10"]
[SourceVersion "1"]
[SourceVersionDate "2018.10.10"]
[SourceQuality "1"]
[WhiteTeam "Neureut U12"]
[BlackTeam "Walldorf U12"]
[WhiteTeamCountry "GER"]
[BlackTeamCountry "GER"]

1. g3 e5 2. Bg2 Nc6 3. Nc3 Nf6 4. d3 Bc5 5. Nf3 d6 6. Bg5 h6 7. Bd2 0-0 8. 0-0 Be6 9. e4 Re8 10. Re1 Qd7 11. Be3 Bxe3 12. fxe3 Bg4 13. Qd2 Bxf3 14. Bxf3 Rad8 15. Bg2 d5 16. exd5 Ne7 17. e4 a6 18. a3 Qd6 19. Rf1 Qc5+ 20. Qf2 Qxf2+ 21. Rxf2 Ng4 22. Rf3 Nf6 23. Raf1 Rd6 24. Rb1 Ng6 25. Rbf1 Ne7 26. b4 c6 27. Re3 cxd5 28. exd5 Nexd5 29. Bxd5 Nxd5 30. Nxd5 Rxd5 31. Ref3 Re7 32. Re1 f6 33. Rf5 Kf7 34. Rf3 Kg6 35. Kg2 Kg5 36. h4+ Kg6 37. c4 Rd6 38. g4 Rd4 39. h5+ Kg5 40. Kg3 Rxg4+ 41. Kh3 Kxh5 42. Rf5+ Rg5 43. Rf3 Rd7 44. Re4 Kg6 45. c5 Rg1 46. a4 Rb1 47. Rg4+ Kh7 48. Kg2 Rb3 49. Rfg3 Rbxd3 50. Rxg7+ Rxg7 0-1

[Event "Baden Wuerttemberg-chT U12"]
[Site "Burg Ortenberg"]
[Date "2018.06.23"]
[Round "3.3"]
[White "Andrei, Quentin"]
[Black "Braun, Justus"]
[Result "1/2-1/2"]
[WhiteElo "1131"]
[BlackElo "1220"]
[PlyCount "64"]
[EventDate "2018.06.23"]
[EventType "team-tourn"]
[EventRounds "5"]
[EventCountry "GER"]
[SourceTitle "EXT 2019"]
[Source "ChessBase"]
[SourceDate "2018.10.10"]
[SourceVersion "1"]
[SourceVersionDate "2018.10.10"]
[SourceQuality "1"]
[WhiteTeam "Bebenhausen U12"]
[BlackTeam "Neureut U12"]
[WhiteTeamCountry "GER"]
[BlackTeamCountry "GER"]

1. e4 e6 2. d4 d5 3. e5 Nc6 4. c3 g6 5. Nf3 Bg7 6. Be3 f6 7. Bb5 Bd7 8. 0-0 fxe5 9. Bxc6 Bxc6 10. Nxe5 Bb5 11. Re1 Nf6 12. Na3 Ba6 13. h3 0-0 14. Qc1 Ne4 15. Nb1 Rf5 16. Nd2 Bxe5 17. dxe5 Ng5 18. Nf1 Rxe5 19. f4 Nxh3+ 20. gxh3 Rh5 21. Qd1 Qh4 22. Qg4 Qxh3 23. Qxh3 Rxh3 24. Kg2 Rh5 25. Ng3 Rh4 26. Bd4 Kf7 27. Be5 c6 28. Rac1 Bc4 29. Ra1 Ba6 30. Rac1 Bc4 31. Ra1 Ba6 32. Rac1 Bc4 1/2-1/2